000 01215nam a2200325 4500
003 EG-GICUC
005 20260324152939.0
008 260302s1909 fr |||fr|||| 000 0 fre d
040 _aEG-GiCUC
_bfre
_cEG-GiCUC
_dEG-GiCUC
_eRda
041 _afre
082 0 4 _221
_a343.1
_bGA . P
092 0 4 _221
099 _aLaw1 10 343.1 GA . P 1909
100 _aGarraud, R.
_eAuteur
245 _aPrécis de droit criminel :
_b Contenant L'explication Élémentaire De La Partie Générale Du Code Pénal, Du Code D'instruction Criminelle Et Des Lois Qui Ont Modifié Ces Deux Codes /
_cpar Pierre Garraud.
250 _aDixième Édition
_bRevue Et Corrigée
264 1 _aParis :
_bLibrairie De La Société Du Recueil J.-b,
_c1909.
264 3 _bImprimerie Contant-laguerre
300 _a1144 page;
_c 24 cm.
336 _2rda contenu
_a texte
337 _2rda medias
_aOrdinateur
338 _2 transporteur rda
_a Ressource en ligne
546 _aTexte bilingue (français -anglais))
650 _aDroit Pénal
_2qrmak
650 _aDroit pénal général
_2qrmak
651 1 _2qrmak
856 4 0 _uhttps://fll.law.cu.edu.eg/fulltext/bks/B10-08235.pdf
905 _a54
_eYara
942 _2ddc
_n0
_cBK
_e21
999 _c64572
_d64572